000 00265nam a22001217a 4500
008 170616b xxu||||| |||| 00| 0 eng d
041 _aeng
080 _a94
100 _a16
101 _aSHH
245 _aIRAN'S REVOLUTIONARY UPHEAVAL
_cZABIH,S
942 _2udc
_cBK
999 _c17680
_d17680